|
|
|
|
| LEADER |
00663cam a2200181 7i4500 |
| 001 |
0000028625 |
| 005 |
20121112090000.0 |
| 022 |
0 |
0 |
|a 02196999
|
| 090 |
0 |
0 |
|a SING 381.1025
|b SIN
|
| 245 |
0 |
0 |
|a Singapore convention & exhibition directory 2011/ 2012.
|
| 260 |
0 |
0 |
|a Singapore:
|b Marshall Cavendish Business Information,
|c 2011.
|
| 300 |
# |
# |
|a 519 p.
|
| 650 |
0 |
0 |
|a Exhibitions --
|x Directories --
|y 2012 --
|z Singapore
|
| 650 |
0 |
0 |
|a Conventions --
|x Directories --
|y 2012 --
|z Singapore
|
| 650 |
0 |
0 |
|a Exhibitions venues --
|z Singapore
|
| 650 |
0 |
0 |
|a Conventions venues --
|z Singapore
|
| 651 |
0 |
0 |
|a Singapore
|
| 999 |
|
|
|a 0000030394
|b Directories
|c Countries
|e Business Information Centre
|